01152 2200397 4500001002100000005001500021035002000036007000300056008004100059020002200100082001300122084001900135100003000154245007600184250002000260250002000280300003400300500001100334650002200345700003800367504003300405264003000438264003000468336002100498337003000519338002300549040002200572090002300594090002200617090002100639850001200660999002100672990002100693990002000714990002000734INLIS00000000085128620191001102218 a0010-1019000013ta191001r20132017yoia g 1 | ind d a978-602-17308-1-204a618.9201 a618.9201 NIN r0 aNini Umi NazwaePengarang10aRahasia ibu pintar /cNini Umi Nazwa; penyunting, Rose Kusumaning Ratri aCetakan I, 2013 aCetakan I, 2017 a197 halaman :btabel ;c20 cm aindeks 4aBayi--xPerawatan0 aRose Kusumaning RatriePenyunting aBibliografi: halaman 193-194 aSleman :bKatahati,c2013 aSleman :bKatahati,c2017 2rdacontentateks 2rdamediaatanpa perantara 2rdacarrieravolume aYOPDYOGbinderda aDEP 618.9201 NIN r aPK 618.9201 NIN r aCB-D.11 2013-663 aYOPDYOG aCB-D.11/2013-663 aCB-D.11/2013-663 a41488-PD/B.2019 a41489-PD/B.2019